[Event "Tata Steel GCT Blitz 2019"]
[Site "Kolkata"]
[Date "2019.11.25"]
[Round "1"]
[White "Aronian, Levon"]
[Black "Harikrishna, Pentala"]
[Result "0-1"]
[WhiteElo "2772"]
[BlackElo "2731"]
[Annotator "TA"]
[PlyCount "81"]
[EventDate "2019.11.25"]
[EventType "tourn"]
[EventCountry "IND"]
[SourceTitle "playchess.com"]
[Source "ChessBase"]
[SourceQuality "1"]

{[%evp 11,81,8,7,7,14,8,36,27,32,27,29,20,27,31,37,37,32,0,41,23,35,34,47,-29,-17,-27,-24,-25,-18,-33,-26,-27,0,-33,0,0,9,0,0,0,0,-22,0,0,0,-17,0,0,0,-22,0,-11,-7,-6,-7,-14,0,-15,0,-7,0,-32,-37,-31,-8,-96,-15,-204,-200,-191,-185,-266]} 1. e4 e5 2. Nf3 Nc6 3. Bb5 a6 4. Ba4 Nf6 5. O-O Bc5 6. Bxc6 dxc6 7. d3 {C78: Ruy Lopez: Archangelsk and Möller Defences} Bg4 (7... Qe7 8. Nbd2 Bg4 9. Nc4 Nd7 10. h3 Bh5 11. Be3 f6 12. Qe2 g5 13. Bxc5 Nxc5 14. Ne3 Ne6 {½-½ (31) Almasi,Z (2702)-Fressinet,L (2649) Batumi 2018}) 8. h3 Bxf3 9. Qxf3 {White is slightly better.} Nd7 10. Nd2 Qe7 11. Nc4 Nf8 $146 ({Predecessor:} 11... O-O-O 12. Be3 h6 13. Bxc5 Nxc5 14. Qf5+ Nd7 {1-0 (37) Tishova,S (1678)-Shweta,P (1590) Iasi 2012}) 12. Qh5 Ng6 13. g3 O-O-O 14. Bd2 Qe6 15. b4 Bd4 16. Rab1 Rhf8 17. Qf5 (17. Qg4 $14) 17... Qxf5 $11 18. exf5 Ne7 19. g4 Nd5 20. Kg2 f6 21. a3 Bc3 22. Be3 Bd4 23. Kf3 Nc3 24. Rbe1 Rfe8 25. Bd2 Nd5 26. Re4 c5 27. bxc5 Bxc5 28. a4 b6 29. h4 a5 30. Rc1 (30. h5 {is interesting.} h6 31. Rc1 Kb7 32. c3 Ne7 33. Ke2) 30... Bb4 31. Ke2 (31. c3 {looks sharper.} Bf8 32. h5 Kb7 33. h6 gxh6 34. Rh1) 31... Bxd2 32. Kxd2 Nf4 33. h5 h6 34. Rb1 Nd5 35. Ne3 Nb4 36. f3 Na6 37. Rc4 {Threatens to win with Rxb6.} Rd6 38. Rb5 (38. Nf1 $11 {remains equal.}) 38... Red8 (38... Nb4 $17) 39. f4 $2 {[#]} (39. Rb3 $11 {and White is okay.}) 39... exf4 $1 $19 40. Rxf4 Rd4 41. Ng2 {Accuracy: White = 36%, Black = 53%.} (41. Rxd4 $142 Rxd4 42. c3 Rxa4 43. Rb2) 0-1

[Event "Tata Steel GCT Blitz 2019"]
[Site "Kolkata"]
[Date "2019.11.25"]
[Round "2"]
[White "Aronian, Levon"]
[Black "Anand, Viswanathan"]
[Result "0-1"]
[WhiteElo "2772"]
[BlackElo "2757"]
[Annotator "TA"]
[PlyCount "122"]
[EventDate "2019.11.25"]
[EventType "tourn"]
[EventCountry "IND"]
[SourceTitle "playchess.com"]
[Source "ChessBase"]
[SourceQuality "1"]

{[%evp 17,122,0,3,0,0,0,0,0,0,0,0,0,0,0,0,0,10,9,17,0,33,0,0,0,0,0,4,-177,-184,-177,-184,-183,-177,-175,-184,-191,-186,-193,-173,-208,-210,-197,-198,-204,-208,-231,-215,-209,-208,-236,-105,-105,-102,-102,-102,-150,-150,-150,-150,-236,-236,-236,-236,-236,-236,-236,-236,-236,-236,-236,-174,-236,-236,-236,-235,-404,-235,-235,-173,-173,-173,-8107,-188,-29967,-12839,-29968,-29969,-29970,-29971,-29970,-29972,-29972,-29973,-29974,-29975,-29975,-29976,-29975,-29976,-29976,-29977,-29977,-29974,-29977,-29978,-29978,-29979]} 1. e4 e5 2. Nf3 Nc6 3. Bc4 Bc5 4. c3 Nf6 5. d4 exd4 6. e5 d5 7. Bb5 Ne4 8. cxd4 Bb6 9. Nc3 O-O 10. Be3 {C54: Giuoco Piano: 4 c3 Nf6, main lines with 5 d4 and 5 d3} Bg4 11. h3 Bh5 12. Qc2 {The position is equal.} Nxc3 13. bxc3 f6 14. exf6 Qxf6 15. Be2 Bg6 {[#]} 16. Qd2 $146 ({Predecessor:} 16. Qb3 Qd6 17. O-O h6 {½-½ (36) Vitiugov,N (2728)-Tomashevsky,E (2706) Izhevsk 2019}) 16... Rae8 17. O-O Qd6 18. Rfe1 a6 19. Nh2 Na5 20. Ng4 Nc4 $36 {[%mdl 2048] Black has good play.} 21. Bxc4 $1 dxc4 22. Ne5 $2 (22. Rad1 $11) 22... Rxe5 $1 $19 23. dxe5 Qxd2 {[%mdl 64] Overworked Piece} 24. Bxd2 Bxf2+ {[%mdl 64] Double Attack} 25. Kh2 Bxe1 26. Rxe1 {[%mdl 4096] Endgame KRB-KRB} Rf2 27. Be3 Rxa2 28. e6 Be4 29. Kg3 Rxg2+ 30. Kf4 Bd3 31. Ba7 {next e7 is good for White.} Re2 32. Rxe2 Bxe2 {KB-KB} 33. Bb8 c5 (33... Kf8 $19 {is more deadly.} 34. Bxc7 Ke7) 34. Ba7 Kf8 35. Bxc5+ Ke8 36. Bb6 Ke7 37. Ke5 g5 $1 38. Bc5+ (38. Be3 $17 {keeps fighting.}) 38... Ke8 39. Kf5 Bf1 $1 40. Kg4 a5 {[%cal Ba6a5,Ba5a4][%mdl 32]} 41. Bb6 a4 42. Bc5 {[#]} b6 $1 43. Bb4 (43. Bxb6 a3) 43... Bg2 44. Bd6 (44. Kxg5 $142 Bxh3 45. e7) 44... h6 45. Bb4 Bf1 $1 46. Ba3 $2 (46. h4 Be2+ 47. Kg3) 46... Be2+ 47. Kf5 {[#]} Bd3+ $1 48. Kg4 Bg6 49. h4 $2 (49. Bb4) 49... gxh4 {aiming for ...Bf5+!} 50. Kxh4 $2 {[#]} (50. Kh3 $19) 50... Kd8 $1 {[%cal Rd8c7]} 51. Bd6 Kc8 {Black mates.} 52. Kg4 Kb7 53. Kf4 Kc6 54. Ba3 Kd5 55. e7 h5 56. Bb4 Be8 57. Kf5 b5 58. Kf4 h4 59. Kg4 Ke4 60. Kxh4 Kd3 61. Kg5 Kc2 {Accuracy: White = 38%, Black = 88%.} 0-1

[Event "Tata Steel GCT Blitz 2019"]
[Site "Kolkata"]
[Date "2019.11.25"]
[Round "4"]
[White "Aronian, Levon"]
[Black "Vidit, Santosh Gujrathi"]
[Result "1/2-1/2"]
[WhiteElo "2772"]
[BlackElo "2722"]
[Annotator "TA"]
[PlyCount "63"]
[EventDate "2019.11.25"]
[EventType "tourn"]
[EventCountry "IND"]
[SourceTitle "playchess.com"]
[Source "ChessBase"]
[SourceQuality "1"]

{[%evp 19,63,0,16,0,7,-8,-16,-8,-14,-10,16,16,0,-55,-14,-20,-18,-53,-23,-16,0,-53,-23,-16,0,0,0,0,0,0,0,0,0,-20,0,0,0,-4,0,-14,-10,-45,0,-29,-31,-98]} 1. e4 e5 2. Nf3 Nc6 3. Bb5 a6 4. Ba4 Nf6 5. O-O Nxe4 6. d4 b5 7. Bb3 d5 8. Nxe5 Nxe5 9. dxe5 c6 10. Be3 Be7 11. c3 {C80: Open Ruy Lopez: Sidelines and 9 Nbd2} O-O (11... Bf5 12. Bc2 Qd7 13. Bxe4 dxe4 14. Qxd7+ Kxd7 15. Nd2 Ke6 16. Nb3 Kxe5 17. Bd4+ Kf4 18. f3 Kg5 19. fxe4 Bxe4 20. Bxg7 {½-½ (36) Melkumyan,H (2660)-Santos Ruiz,M (2543) Caleta 2019}) 12. Bc2 f5 13. exf6 {The position is equal.} Nxf6 14. h3 Bd6 $146 ({Predecessor:} 14... Be6 15. Nd2 Qc8 16. Nf3 Bd6 17. Ng5 Bf5 18. Qb1 Bxc2 19. Qxc2 {½-½ (26) Reeh,O (2449)-Holzke,F (2479) Germany 2005}) 15. Nd2 Be6 16. f4 (16. Nb3 $11) 16... Re8 {With the idea ...Bxh3!} 17. Qf3 c5 18. Rae1 Bf7 19. Bf2 Qc7 20. g3 (20. Bh4 $11) 20... Bh5 21. Qg2 Be2 22. Ne4 $1 {[%cal Re4f6] Strongly threatening Nxf6+.} Bxf1 23. Nxf6+ gxf6 24. Qxd5+ Kh8 25. Rxf1 Rad8 {And now ...Bxf4 would win.} 26. Qh5 Bf8 27. Rd1 Rxd1+ 28. Qxd1 Qf7 29. b3 c4 30. bxc4 bxc4 31. h4 f5 32. Qf3 {Accuracy: White = 31%, Black = 54%.} (32. Ba4 $15 Rb8 33. Bc6) 1/2-1/2

[Event "Tata Steel GCT Blitz 2019"]
[Site "Kolkata"]
[Date "2019.11.25"]
[Round "6"]
[White "Aronian, Levon"]
[Black "Nakamura, Hikaru"]
[Result "0-1"]
[WhiteElo "2772"]
[BlackElo "2741"]
[Annotator "TA"]
[PlyCount "130"]
[EventDate "2019.11.25"]
[EventType "tourn"]
[EventCountry "IND"]
[SourceTitle "playchess.com"]
[Source "ChessBase"]
[SourceQuality "1"]

{[%evp 12,130,14,12,26,15,19,4,24,6,30,21,25,28,32,34,27,33,37,22,55,0,0,0,29,-22,0,0,0,0,14,8,28,24,21,22,34,13,27,0,29,0,32,0,29,0,0,0,0,0,14,9,1,6,16,7,25,13,13,14,13,0,4,-40,-41,-57,-59,-65,-42,-59,-61,-71,-65,-86,-35,-43,-55,-63,-50,-67,-52,-93,-87,-98,0,-96,-88,-217,-217,-237,-268,-240,-259,-243,-258,-245,-213,-354,-347,-444,-426,-435,-434,-410,-420,-500,-508,-504,-484,-566,-416,-711,-683,-754,-745,-845,-845,-833,-819,-822,-777]} 1. e4 e5 2. Nf3 Nc6 3. Bc4 Bc5 4. O-O Nf6 5. d3 d6 6. c3 O-O 7. Re1 h6 {C54: Giuoco Piano: 4 c3 Nf6, main lines with 5 d4 and 5 d3} 8. Nbd2 a5 9. Nf1 Ne7 {The position is equal.} 10. Ng3 Ng6 11. Bb3 c6 12. d4 Bb6 13. h3 Re8 {[#]} 14. Be3 $146 ({Predecessor:} 14. Bc2 Bc7 15. Be3 {½-½ (56) So,W (2780)-Nakamura,H (2777) chess.com INT 2018}) 14... exd4 15. Bxd4 Bc7 16. Qd2 ({Better is} 16. Qc2 $14) 16... a4 $11 17. Bc2 Ne5 18. Nh2 (18. Qe2 $142) 18... c5 19. Bxe5 dxe5 20. Qe2 Be6 21. Bd3 a3 22. b3 Ba5 23. Rac1 g6 24. Bc4 Kg7 25. Nf3 Bd7 26. Bb5 Qc7 27. Nf1 {[%cal Bg3f1,Bf1d2,Bd2c4][%mdl 32]} Bc6 28. N1d2 Qd7 29. Bxc6 Qxc6 30. b4 Bc7 31. b5 Qe6 32. Qc4 Qxc4 33. Nxc4 Ra4 34. Nfd2 Nd7 35. Kf1 Nb6 36. Ne3 Bd8 37. c4 Bg5 38. Ke2 Bxe3 39. fxe3 Rb4 {And now ...Rb2 would win.} 40. Rc2 Rd8 41. Rec1 Rb2 42. g4 Na4 (42... Ra8 $17) 43. Nb1 $15 Ra8 44. Kd3 Rb4 $36 {[%mdl 2048] Black fights for an advantage.} 45. Ke2 Nb6 46. Nd2 {[#]} Rb2 $1 47. Kd3 Rd8+ 48. Ke2 Kf6 49. Rxb2 (49. h4 $17 {was necessary.}) 49... axb2 $17 {[%mdl 4096] Endgame KRN-KRN} 50. Rb1 Na4 {[#] Threatens to win with ...Nc3+.} 51. Rf1+ Ke6 {Strongly threatening ...Nc3+.} 52. Nb1 Nb6 53. Nd2 Ra8 54. Rb1 (54. Kd3 $142) 54... Rxa2 $19 {aiming for ...Na4.} 55. Kd3 Ra3+ 56. Kc2 Rxe3 57. Rxb2 Rxh3 58. Rb1 Nc8 59. Nb3 b6 60. Ra1 Rh4 61. Ra6 (61. Rg1 $142) 61... Kd7 {Black is clearly winning.} 62. Kd3 Rxg4 63. Ra1 Rg3+ 64. Kc2 h5 65. Rf1 Ke6 {Accuracy: White = 39%, Black = 57%.} 0-1

[Event "Tata Steel GCT Blitz 2019"]
[Site "Kolkata"]
[Date "2019.11.25"]
[Round "8"]
[White "Aronian, Levon"]
[Black "Ding, Liren"]
[Result "1-0"]
[WhiteElo "2772"]
[BlackElo "2801"]
[Annotator "TA"]
[PlyCount "65"]
[EventDate "2019.11.25"]
[EventType "tourn"]
[EventCountry "IND"]
[SourceTitle "playchess.com"]
[Source "ChessBase"]
[SourceQuality "1"]

{[%evp 20,65,0,0,20,-2,0,-16,10,0,35,0,7,-7,0,6,29,47,37,17,17,16,26,14,30,8,6,0,67,0,12,0,39,25,87,87,82,84,134,139,234,214,373,375,479,470,673,567]} 1. e4 e5 2. Nf3 Nc6 3. Bc4 Nf6 4. Ng5 d5 5. exd5 Na5 6. Bb5+ c6 7. dxc6 bxc6 8. Be2 h6 9. Nh3 Bd6 10. d3 O-O 11. Nc3 Nb7 {C59: Two Knights: 4 Ng5 d5 5 exd5 Na5 5 Bb5+ c6 6 dxc6 bxc6 7 Be2} (11... Rb8 12. Ng1 c5 13. Nf3 Bb7 14. O-O Nc6 15. Ne4 Nd4 16. Ng3 Nxe2+ 17. Qxe2 Re8 18. Nd2 Bf8 19. f3 {1-0 (45) Bologan,V (2681)-Fressinet,L (2700) Beijing 2012}) 12. O-O Nc5 13. Kh1 Bf5 $146 {The position is equal.} ({Predecessor:} 13... Bxh3 14. gxh3 Qc7 15. Rg1 Kh8 16. Qf1 Ne6 17. Qg2 Rg8 18. Be3 {1-0 (98) Chigaev,M (2531)-Karthikeyan,P (2474) Groningen 2016}) 14. Ng1 e4 15. dxe4 Ncxe4 16. Nxe4 Nxe4 17. Be3 Qc7 18. Bd3 {[#] Black must now prevent Qf3.} Rfe8 19. h3 Rad8 20. Qf3 Bg6 21. Rad1 c5 22. Bc4 Nf6 23. Bd3 $36 {[%mdl 2048] White has the initiative.} (23. Qe2 $11) 23... Ne4 $1 $14 24. Bc4 (24. b3 $14) 24... Nf6 $11 25. Qe2 Rb8 26. b3 Ne4 (26... Rbd8 $11 {remains equal.}) 27. Qf3 $16 Rb6 28. Ne2 Be5 29. Nf4 Ng5 {[#]} (29... Rf6 $16 {was necessary.} 30. Nd5 {[%mdl 64] Double Attack, Discovered Attack} Rxf3 31. Nxc7 Ng3+ 32. fxg3 Rxf1+ 33. Rxf1 Bxc7 34. Bxc5 Bxg3) 30. Qg4 $1 $18 Bxc2 $2 (30... Bxf4 31. Bxf4 Qc8 32. Qxc8 Rxc8 33. Bxg5 hxg5) 31. Nd5 $1 {[%csl LRb6,LRc7,LRg5]} Qc6 32. Rd2 ({Less strong is} 32. f4 Bxd1 33. Rxd1 Bxf4 $18) 32... Be4 (32... Bg6 $142 33. f4 {[%mdl 64] Double Attack} Ne4 34. fxe5 Qe6 35. Nf6+ Nxf6) 33. Bxg5 {Accuracy: White = 55%, Black = 35%.} 1-0

[Event "Tata Steel GCT Blitz 2019"]
[Site "Kolkata"]
[Date "2019.11.26"]
[Round "12"]
[White "Aronian, Levon"]
[Black "So, Wesley"]
[Result "0-1"]
[WhiteElo "2772"]
[BlackElo "2760"]
[Annotator "TA"]
[PlyCount "102"]
[EventDate "2019.11.25"]
[EventType "tourn"]
[EventCountry "IND"]
[SourceTitle "playchess.com"]
[Source "ChessBase"]
[SourceQuality "1"]

{[%evp 10,102,4,0,18,14,19,10,16,0,0,-5,0,-27,-14,-20,-20,-20,-22,-34,-29,-36,-41,-45,-17,-56,-27,-167,-155,-152,-157,-171,-166,-165,-129,-149,-144,-146,-120,-131,-117,-136,-125,-125,-111,-125,-113,-109,-119,-270,-46,-48,-37,-52,0,0,0,0,0,-47,-45,-45,-33,-408,-397,-1212,-1180,-1206,-1206,-1133,-1000,-5597,-5265,-4389,-1954,-29967,-29967,-29967,-29965,-29966,-29967,-5189,-12812,-29969,-29951,-1631,-614,-12845,-10846,-29947,-7732,-29977,-29978,-29977,-29976]} 1. c4 e5 2. Nc3 Nf6 3. Nf3 Nc6 4. g3 d5 5. cxd5 Nxd5 6. Bg2 Bc5 {A29: English Opening: Four Knights Variation with 4 g3} 7. O-O O-O 8. d3 Re8 {The position is equal.} (8... h6 9. Nxd5 Qxd5 10. Nd2 Qe6 11. b3 Re8 12. Bb2 Bd7 13. e3 Rad8 14. a3 Qg6 15. Qc2 Bb6 16. b4 Bf5 {½-½ (40) Ding,L (2811)-Radjabov,T (2758) Khanty-Mansiysk 2019}) 9. Bd2 Nxc3 10. bxc3 Bb6 $146 ({Predecessor:} 10... Bg4 11. h3 Bh5 12. Qc2 Qd7 13. g4 Bg6 14. Nh4 {1-0 (42) Goric,E (2366)-Majeric,Z (2272) Vukovar 2011}) 11. Qc2 Bf5 12. Nh4 Bg4 13. Rae1 Qd7 14. Kh1 Rad8 15. Bg5 f6 16. Be3 Bh3 17. Rg1 Bxg2+ 18. Rxg2 (18. Nxg2 $11 g6 19. Rb1) 18... Bxe3 $1 $19 19. fxe3 {[#]} e4 $1 {[%mdl 512]} 20. dxe4 Qe6 21. Nf3 Kh8 {[%mdl 1024] Black has strong compensation.} 22. Rb1 b6 ({Stronger than} 22... Qxe4 23. Qxe4 Rxe4 24. Rxb7 $11) 23. Nd4 Qc4 24. g4 h6 25. h4 Ne5 26. g5 fxg5 27. hxg5 h5 28. g6 c5 29. Rg5 $2 (29. Nf3 $17) 29... Kg8 $2 ({Better is} 29... cxd4 $19 30. exd4 Ng4 31. Rxh5+ Kg8) 30. Nf5 $1 $15 Ng4 $36 {[%mdl 2048] Black is pushing.} 31. Rxh5 Nf6 (31... Rxe4 $15 32. Rh7 Nh6 33. Rxg7+ Kf8 34. Nxh6 (34. Rf1 $2 Nxf5 35. Rf7+ {[%mdl 64] Double Attack} Kg8 $19) 34... Kxg7 {[%mdl 64] Double Attack} 35. Nf5+ Kg8 36. Nh6+ Kh8 37. Nf7+ {[%mdl 64] [#] Double Attack} Kg7 $1 {[%mdl 512]} 38. Nxd8 Rh4+ 39. Kg1 Qg4+ {[%mdl 64] Double Attack} 40. Kf2 Rh2+ 41. Ke1 Rh1+ 42. Kd2 (42. Kf2 {leads to mate.} Qh4+ {[%mdl 64] Double Attack} 43. Kf3 Rh3+ 44. Kg2 Rh2+ 45. Kg1 Qf2#) 42... Qd7+ {[%mdl 64] Double Attack} 43. Qd3 Qxd3+ 44. exd3 Rxb1) 32. Rh4 $11 {Strongly threatening Rd1.} Rxe4 33. Rxe4 Nxe4 34. Qb3 (34. Rf1 $5 {[%cal Rf5e7]} Qe6 35. Kh2 $11) 34... Qxb3 35. axb3 Nxc3 $15 {[%mdl 4096] Endgame KRN-KRN} 36. Ne7+ $2 {[%mdl 8192]} (36. Rf1 $15 Re8 37. Rc1) 36... Kf8 $19 37. Nc6 $2 (37. Rc1 Nxe2 38. Rc2) 37... Nxb1 38. Nxd8 {KN-KN} Nd2 39. Kg2 Nxb3 40. Kf3 a5 {[%cal Ba7a5,Ba5a4][%mdl 32]} 41. Ne6+ Ke7 42. Nxg7 a4 43. Nf5+ Kf6 44. g7 Kf7 45. Nd6+ Kxg7 46. Nb5 Nd2+ 47. Kf4 Kf6 (47... Nb1 $142 48. Ke4 a3 49. Nxa3 Nxa3) 48. e4 Nc4 49. e5+ Ke6 50. Ke4 a3 51. Nc3 Nxe5 {Accuracy: White = 33%, Black = 57%.} 0-1

[Event "Tata Steel GCT Blitz 2019"]
[Site "Kolkata"]
[Date "2019.11.26"]
[Round "14"]
[White "Aronian, Levon"]
[Black "Giri, Anish"]
[Result "1/2-1/2"]
[WhiteElo "2772"]
[BlackElo "2776"]
[Annotator "TA"]
[PlyCount "50"]
[EventDate "2019.11.25"]
[EventType "tourn"]
[EventCountry "IND"]
[SourceTitle "playchess.com"]
[Source "ChessBase"]
[SourceQuality "1"]

{[%evp 15,50,-5,16,0,0,0,0,-30,0,0,16,25,26,0,0,-9,59,55,58,97,98,25,12,20,24,23,31,21,16,0,0,-1,8,5,5,5,5]} 1. c4 Nf6 2. Nc3 e5 3. Nf3 Nc6 4. g3 d5 5. cxd5 Nxd5 6. Bg2 Bc5 7. O-O O-O 8. d3 h6 9. Bd2 {A29: English Opening: Four Knights Variation with 4 g3} (9. Nxd5 Qxd5 10. Nd2 Qe6 11. b3 Re8 12. Bb2 Bd7 13. e3 Rad8 14. a3 Qg6 15. Qc2 Bb6 16. b4 Bf5 {½-½ (40) Ding,L (2811)-Radjabov,T (2758) Khanty-Mansiysk 2019}) 9... Nf6 10. Rc1 Re8 11. Nh4 $146 ({Predecessor:} 11. a3 Bf8 12. Na4 Nd4 13. Ba5 Nc6 14. Bd2 Nd4 15. Nc5 c6 16. b4 Bxc5 17. Rxc5 {1-0 (44) Van Wely,L (2608)-Nguyen,T (2535) Novy Bor 2019}) 11... Nd4 12. e3 {[#] Hoping for Na4.} Nf5 13. Nxf5 $1 Bxf5 14. Bxb7 {Ne4 is the strong threat.} (14. Nd5 {with more complications.} Nxd5 15. Rxc5 Nf6 16. Bxb7 Rb8 17. Bc6) 14... Rb8 15. Be4 (15. Bc6 {is more complex.} Re6 16. Be4 Bh3 17. Bg2 Bxg2 18. Kxg2 Qxd3 19. Be1) 15... Bxe4 ({Better is} 15... Nxe4 $11 16. Nxe4 Bb6) 16. Nxe4 $14 Nxe4 17. dxe4 Rxb2 18. Rc2 ({White should play} 18. Rxc5 $16 Rxd2 19. Qa4) 18... Rxc2 $11 19. Qxc2 Qd6 20. Rc1 Bb6 21. a4 a5 {The position is equal.} 22. Rb1 Rd8 23. Be1 f6 24. Kg2 Qd3 25. Qxd3 Rxd3 {Accuracy: White = 41%, Black = 50%.} 1/2-1/2

[Event "Tata Steel GCT Blitz 2019"]
[Site "Kolkata"]
[Date "2019.11.26"]
[Round "16"]
[White "Aronian, Levon"]
[Black "Carlsen, Magnus"]
[Result "0-1"]
[WhiteElo "2772"]
[BlackElo "2870"]
[Annotator "TA"]
[PlyCount "54"]
[EventDate "2019.11.25"]
[EventType "tourn"]
[EventCountry "IND"]
[SourceTitle "playchess.com"]
[Source "ChessBase"]
[SourceQuality "1"]

{[%evp 9,57,0,3,0,0,0,0,2,0,0,0,0,0,-13,-11,-15,-15,-15,-15,-25,-23,-21,-13,-37,-68,-92,-27,-198,-178,-348,-327,-333,-283,-429,-477,-520,-471,-448,-457,-1429,-1363,-1543,-1515,-1212,-1075,-2784,-1679,-29983,-29984,-29984]} 1. c4 g6 2. Nc3 c5 3. g3 Bg7 4. Bg2 Nc6 5. d3 d6 6. Qd2 {A36: Symmetrical English vs ...g6: 4 Bg2 Bg7} e5 7. b3 Nge7 8. Bb2 {The position is equal.} Be6 9. Nd5 Qd7 10. e3 O-O 11. Ne2 Bh3 12. Bxh3 $146 ({Predecessor:} 12. O-O Rae8 13. Rad1 Nxd5 14. cxd5 Bxg2 15. Kxg2 {½-½ (21) Papin,V (2515)-Landa,K (2650) Cappelle-la-Grande 2015}) 12... Qxh3 13. Nec3 Rab8 14. O-O-O Nxd5 15. Nxd5 b5 16. f4 a5 17. Rhf1 a4 (17... bxc4 $17 18. dxc4 a4 19. fxe5 dxe5) 18. f5 $2 (18. cxb5 $11 {and White stays safe.} Rxb5 19. Nc3 (19. bxa4 Rb7 $17)) 18... axb3 $19 (18... gxf5 19. cxb5 Rxb5 20. Nc3 $15) 19. axb3 $2 (19. cxb5 Rxb5 20. a3) 19... bxc4 ({Weaker is} 19... gxf5 20. Qf2 $17) 20. bxc4 Rb3 ({Less strong is} 20... gxf5 21. Qf2 $15) 21. f6 (21. Bc3 {keeps fighting.} gxf5 22. Kc2) 21... Bh6 22. Kc2 Rfb8 23. Bc3 {intending Rb1.} Qd7 {( -> ...Nd4+!)} 24. Ra1 {[#]} (24. Rc1 $142 e4 25. dxe4) 24... Nd4+ $1 {[%mdl 512]} 25. Bxd4 (25. exd4 Bxd2) 25... cxd4 26. Ra2 Qb7 27. Qc1 {[#]} Bxe3 {Played: Rb3-c3} 0-1